LEADER 01107nlm0 22003371i 450 001 990009791810403321 005 20131118160925.0 010 $a9780470455401$bonline 035 $a000979181 035 $aFED01000979181 035 $a(Aleph)000979181FED01 035 $a000979181 100 $a20131118d2009----km-y0itay0103----ba 101 0 $aeng 135 $adrnn-008mamaa 200 1 $aPractical system reliability$bRisorsa elettronica$fEric Bauer, Xuemei Zhang, Douglas A. Kimber 210 $aPiscataway, N. J.$cIEEE Press$aHoboken, N. J.$cWiley$d2009 230 $aDocumento elettronico 336 $aTesto 337 $aFormato pdf 610 0 $aTelecomunicazioni$aSistemi$aAffidabilitą 676 $a004.24 700 1$aBauer,$bEric$0479708 701 1$aZhang,$bXuemei$0521413 701 1$aKimber,$bDouglas A.$0521414 801 0$aIT$bUNINA$gREICAT$2UNIMARC 856 4 $zFull text per gli utenti Federico II$uhttp://onlinelibrary.wiley.com/book/10.1002/9780470455401 901 $aEB 912 $a990009791810403321 996 $aPractical system reliability$9836820 997 $aUNINA LEADER 02431nam 2200445 450 001 9910149670003321 005 20221205084738.0 024 7 $a10.15460/HUP.LASH.100.114 035 $a(CKB)3790000000064215 035 $a(OAPEN)1002445 035 $a(NjHacI)993790000000064215 035 $a(EXLCZ)993790000000064215 100 $a20221205d2011 uy 0 101 0 $ager 135 $auuuuu---auuuu 181 $ctxt$2rdacontent 182 $cc$2rdamedia 183 $acr$2rdacarrier 200 00$aArchivfu?hrer Schleswig-Holstein $eArchive und ihre Besta?nde /$fherausgegeben vom Landesarchiv Schleswig-Holstein, dem Verband schleswig-holsteinischer Kommunalarchivarinnen und -archivare e. V. (VKA) und dem Nordelbischen Kirchenarchiv 210 1$aHamburg :$cHamburg University Press,$d[2011] 210 4$d©2011 215 $a1 online resource (501 pages) $cillustrations, maps 225 1 $aVero?ffentlichungen des Landesarchivs Schleswig-Holstein ;$vBand 100 311 $a3-937816-83-6 330 $aThis publication gives an overview of archives in Schleswig-Holstein is available for the first time in 15 years. The guide concentrates on the official and publicly accessible archives of municipalities, churches and the country, but also lists some private archives. It contains descriptions of more than 150 archives and related institutions. All archives are presented with details of addresses, opening hours, contact persons, internet presence, finding aids and technical equipment. In addition, information is provided on the history of the archive, the area of responsibility (spray), and there is an overview of the archived documents with information on the scope and duration.Furthermore, the volume offers valuable information for working in archives. 410 0$aVero?ffentlichungen des Schleswig-Holsteinischen Landesarchivs ;$vBand 100. 606 $aArchives$zGermany 606 $aLibrary & information sciences$2bicssc 615 0$aArchives 615 7$aLibrary & information sciences. 676 $a027.043 712 02$aLandesarchiv Schleswig-Holstein, 712 02$aVerband schleswig-holsteinischer Kommunalarchivarinnen und -archivare e. V. (VKA), 712 02$aNordelbischen Kirchenarchiv, 801 0$bNjHacI 801 1$bNjHacl 906 $aBOOK 912 $a9910149670003321 996 $aArchivfu?hrer Schleswig-Holstein$92989708 997 $aUNINA LEADER 01270nam0-22004331i-450 001 990006903790403321 005 20230620152947.0 010 $a88-8114-779-3 100 $a20010426d1999----km-y0itay50------ba 101 0 $aita 102 $aIT 105 $ay-------001yy 200 1 $a<>rischio Vesuvio$fG. Bonaduce ... [et al.]$ga cura di Elio Giangreco 210 $aNapoli$cEdizioni Scientifiche Italiane$d1999 215 $a334 p.$cill.$d24 cm 225 1 $aFridericiana scientia$v2 300 $aSegue: appendice. 300 $aNella pagina contro il front.: Universitą degli studi di Napoli. 610 0 $aVesuvio$aEruzioni 610 0 $aVesuvio$aPrevenzione 676 $a363.349 5 676 $aSAG-GIA-1$v22$zita 702 1$aBonaduce,$bGioacchino 702 1$aGiangreco,$bElio$f<1924-2008> 801 0$aIT$bUNINA$gRICA$2UNIMARC 901 $aBK 912 $a990006903790403321 952 $aVII C 322$b35357$fFSPBC 952 $aSEZ.NA B 2288$b15105$fFARBC 952 $a030.002.BON$b2260$fDECGE 952 $a13 D 16 19$b15972$fFINBC 952 $aSAG-GIA-1$b159/2023$fSC1 959 $aFSPBC 959 $aFARBC 959 $aDECGE 959 $aFINBC 959 $aSC1 996 $aRischio Vesuvio$963266 997 $aUNINA